000 00464nam a22001337a 4500
005 20241112163047.0
008 241112b |||||||| |||| 00| 0 eng d
020 _a9781405757935
245 _aThe All England Law Reports 2011 Vol. 2
_cEditor, Widdicombe, Solicitor. Managing Editor; Stella Anna-Marie Solicitor (NSW)
260 _aLondon, United Kingdom
_bLexisNexis
_c2011
300 _axx, 946 pages
_c23.5 cm
650 _2Law Reports
_xEngland
942 _2lcc
_cBK
_n0
999 _c1090
_d1090